000 00631nam a2200205Ii 4500
003 JO-AjNU
008 230605s9999||||xx |||||||||||||| ||und||
040 _aJO-AjNU
_bara
_erda
_cJO-AjNU
041 _aara
050 1 4 _aDT107.83.G4 1981
100 3 _aشكري، غالي,
_eauthor
_919912
245 0 0 _aعروبة مصر.. وامتحان التاريخ
250 _aط2
264 3 1 _aبيروت: دار الافاق الجديدة، 1981
300 _a174ص
336 _atext
_btxt
_2rdacontent
337 _aunmediated
_bn
_2rdamedia
338 _avolume
_bnc
_2rdacarrier
650 4 _aعروبة مصر- تاريخ
_919913
999 _aA6656
_c10224
_d10224